| 000 | 00546nam a2200181Ia 4500 | ||
|---|---|---|---|
| 003 | GCL | ||
| 008 | 140319s9999 xx 000 0 ara d | ||
| 040 |
_aGCL / _cGCL |
||
| 082 | 0 | 4 |
_a891.7 _bد م |
| 100 | 1 | _aدستوفيسكى، فيودور | |
| 245 | 1 | 0 |
_aالمساكين / _cدستوفيسكى، فيودور |
| 700 | 1 | _aصوفى عبدالله (ترجمه) | |
| 300 | _a162 ص | ||
| 490 |
_a100 قصة _v0 |
||
| 650 | 0 | 4 | _aالقصص الروسية المترجمة |
| 650 | 0 | 4 | _aالادب الروسى المترجم |
| 942 |
_2ddc _cBK |
||
| 999 |
_c46707 _d46707 |
||